[Event "9th Amplico Life Rapid"]
[Site "Warsaw POL"]
[Date "2009.12.19"]
[Round "3"]
[White "Kudzma,L"]
[Black "Neiksans,A"]
[Result "1/2-1/2"]
[WhiteElo "2236"]
[BlackElo "2487"]
[EventDate "2009.12.19"]

1. d4 f5 2. g3 Nf6 3. Bg2 g6 4. c4 Bg7 5. Nc3 O-O 6. Nh3 d6 7. Nf4 c6 8. d5
e5 9. dxe6 Qe7 10. Rb1 Na6 11. b4 Ng4 12. Qb3 Ne5 13. O-O Bxe6 14. Nxe6
Qxe6 15. c5 Qxb3 16. Rxb3 d5 17. Nxd5 cxd5 18. Bxd5+ Rf7 19. Rd1 Re8 20.
Bb2 Ree7 21. Kf1 Kf8 22. Bxf7 Kxf7 23. a3 Nc7 24. Re3 Bf6 25. Rd6 Ng4 26.
Rxe7+ Kxe7 27. Bxf6+ Nxf6 28. Rd3 a6 29. f3 Nfd5 30. h4 h6 31. Kf2 g5 32.
hxg5 hxg5 33. e4 fxe4 34. fxe4 Nf6 35. Kf3 Nd7 36. Rd6 Ne5+ 37. Ke2 Nc4 38.
e5 Ne6 39. Rd5 Nxa3 40. Kd3 Nb5 41. Kc4 Nd8 42. Rd1 Nc6 43. Rh1 Nxe5+ 44.
Kd5 Nf7 45. c6 Nc7+ 46. Kc5 Ne6+ 47. Kb6 bxc6 48. Kxc6 Ne5+ 49. Kb6 Nd3 50.
Rb1 Ng7 51. Kxa6 Nf5 52. b5 Nxg3 53. Kb7 Nf5 54. Kc7 Nc5 55. b6 Ne6+ 56.
Kc6 Nd6 57. Re1 Nf7 1/2-1/2

[Event "9th Amplico Life Rapid"]
[Site "Warsaw POL"]
[Date "2009.12.19"]
[Round "3"]
[White "Szelag,M"]
[Black "Jagodzinski,P"]
[Result "1-0"]
[WhiteElo "2456"]
[BlackElo "2207"]
[EventDate "2009.12.19"]

1. e4 c6 2. d4 d5 3. Nc3 dxe4 4. Nxe4 Nd7 5. Ng5 Ngf6 6. Bd3 e6 7. Qe2 Bd6
8. N1f3 h6 9. Ne4 Nxe4 10. Qxe4 Nf6 11. Qe2 b6 12. Bd2 Qc7 13. O-O-O Bb7
14. Rhe1 O-O-O 15. Ne5 Kb8 16. Kb1 Rhe8 17. f4 Bf8 18. Be3 Nd5 19. Bc1 f6
20. Ng6 Bb4 21. Rf1 Qd7 22. c4 Nc7 23. Be4 Qc8 24. g3 Bd6 25. Qg2 c5 26.
dxc5 Bxc5 27. a3 Bd4 28. Rfe1 Na6 29. Bxb7 Qxb7 30. Qxb7+ Kxb7 31. Re4 e5
32. fxe5 Bxe5 33. Rxd8 Rxd8 34. Nxe5 fxe5 35. Rxe5 Rd7 36. Be3 Nb8 37. Kc2
Nc6 38. Re4 Rf7 39. Bf4 Rd7 40. Kc3 Rf7 41. b4 Rd7 42. h4 Rd1 43. b5 Na5
44. Re7+ Kc8 45. Rxa7 Ra1 46. Kb2 Rd1 47. Rc7+ Kd8 48. Rxg7 Nxc4+ 49. Kb3
Na5+ 50. Kc2 Rd5 51. Bxh6 Rxb5 52. Rg5 Nc4 53. a4 Ne5 54. axb5 1-0

[Event "9th Amplico Life Rapid"]
[Site "Warsaw POL"]
[Date "2009.12.19"]
[Round "3"]
[White "Yemelin,V"]
[Black "Chalupnik,M"]
[Result "0-1"]
[WhiteElo "2584"]
[BlackElo "2284"]
[EventDate "2009.12.19"]

1. e4 c5 2. Ne2 d6 3. g3 g6 4. Bg2 Bg7 5. c3 Nc6 6. d4 cxd4 7. cxd4 Nf6 8.
O-O O-O 9. Nbc3 e5 10. d5 Ne7 11. h3 Ne8 12. Bg5 h6 13. Be3 f5 14. Qd2 Kh7
15. f4 fxe4 16. Nxe4 Nf5 17. Bf2 Nf6 18. g4 Nh4 19. Bxh4 Nxe4 20. Qe1 Qb6+
21. Kh1 Nc5 22. fxe5 Nd3 23. Qd2 Rxf1+ 24. Rxf1 Nxe5 25. Be4 Bd7 26. Kg2
Nc4 27. Bxg6+ Kh8 28. Qe1 Ne3+ 29. Kh1 Nxf1 30. Qxf1 Rf8 31. Bf5 Bxf5 32.
gxf5 Qe3 33. Nf4 0-1

[Event "9th Amplico Life Rapid"]
[Site "Warsaw POL"]
[Date "2009.12.19"]
[Round "3"]
[White "Schacht,H"]
[Black "Rajlich,I"]
[Result "0-1"]
[WhiteElo "2224"]
[BlackElo "2457"]
[EventDate "2009.12.19"]

1. d4 Nf6 2. c4 g6 3. Nc3 d5 4. Bg5 Ne4 5. Bh4 Nxc3 6. bxc3 dxc4 7. e3 Qd5
8. Nf3 Be6 9. Nd2 Qa5 10. Be2 Nd7 11. O-O Nb6 12. Qc2 Qa4 13. Qb2 Bg7 14.
e4 c6 15. f4 f6 16. Rae1 O-O 17. f5 Bf7 18. Bg4 Qa5 19. Re3 Bh6 20. Rh3 Na4
21. Qc2 Bg7 22. Re3 Rad8 23. Rfe1 b5 24. e5 fxe5 25. dxe5 Bh6 26. Bxe7 Qb6
27. Nf1 Rd3 28. Bxf8 Bxe3+ 29. Kh1 Kxf8 30. e6 gxf5 31. Bxf5 Bf2 32. Re2
Rxc3 33. e7+ Kg7 34. Qd2 Bh4 35. Qf4 Bf6 36. Qg4+ Kh6 37. Qh3+ Rxh3 0-1

[Event "9th Amplico Life Rapid"]
[Site "Warsaw POL"]
[Date "2009.12.19"]
[Round "3"]
[White "Zgadzaj,R"]
[Black "Llaneza Vega,M"]
[Result "0-1"]
[WhiteElo "2243"]
[BlackElo "2514"]
[EventDate "2009.12.19"]

1. Nf3 c5 2. g3 Nc6 3. c4 g6 4. d4 cxd4 5. Nxd4 Bg7 6. Nxc6 bxc6 7. Bg2 Qb6
8. Qc2 Rb8 9. Nd2 Nh6 10. O-O O-O 11. Rb1 Qa5 12. b3 d5 13. a3 Nf5 14. b4
Qd8 15. Qa4 Nd4 16. Re1 Bg4 17. f3 Bf5 18. e4 dxe4 19. Nxe4 a5 20. Be3 axb4
21. axb4 Ra8 22. Qd1 Ra2 23. Kh1 Nc2 24. Qxd8 Rxd8 25. Re2 Nxb4 26. Rxa2
Nxa2 27. g4 Nc3 28. Rc1 Bxe4 29. fxe4 Rd3 30. Bc5 e6 31. e5 Bxe5 32. Bxc6
Rd2 33. Bg2 Ne2 34. Re1 Bf6 35. Be3 Rc2 36. Bf1 Nd4 37. Rc1 Rxc1 38. Bxc1
Nb3 39. Ba3 Bd4 40. Kg2 Bc5 41. Bb2 f5 42. gxf5 gxf5 43. Be2 Kf7 44. Bd1
Nd2 45. Be2 Ke7 46. Be5 Bd6 47. Bg7 Kd7 48. h3 Kc6 49. Bc3 Ne4 50. Bg7 Kc5
51. Bh6 Kd4 52. Kf3 Kc3 53. Bg7+ Kb4 54. Ke3 Kb3 55. Kd4 Kb4 56. h4 Ng3 57.
Bf3 Nf1 58. h5 Nd2 59. Be2 Nb3+ 60. Ke3 e5 61. Bd3 Bc5+ 62. Kf3 e4+ 63.
Bxe4 Nd2+ 64. Ke2 Nxe4 65. Kd3 Nd6 66. Bc3+ Kb3 67. Bd4 Bxd4 68. Kxd4 Nxc4
69. Kd3 Ne5+ 70. Ke3 Ng6 71. Kd4 0-1

[Event "9th Amplico Life Rapid"]
[Site "Warsaw POL"]
[Date "2009.12.19"]
[Round "3"]
[White "Jaroch,K"]
[Black "Maiorov,N1"]
[Result "0-1"]
[WhiteElo "2242"]
[BlackElo "2511"]
[EventDate "2009.12.19"]

1. e4 e5 2. Nf3 Nc6 3. Bc4 Bc5 4. b4 Bxb4 5. c3 Be7 6. O-O Nf6 7. d4 d6 8.
dxe5 Nxe5 9. Nxe5 dxe5 10. Qb3 O-O 11. Rd1 Bd6 12. f3 Qe7 13. Bg5 h6 14.
Bh4 Bc5+ 15. Kh1 g5 16. Be1 Nh5 17. Nd2 g4 18. Be2 Nf4 19. Bf1 gxf3 20.
Nxf3 Kh8 21. Bg3 Ng6 22. Qd5 c6 23. Qd2 Kh7 24. Be2 f5 25. exf5 Bxf5 26.
Qe1 Rae8 27. Bc4 Bg4 28. Qe4 Bf5 29. Qe1 e4 30. Nd4 Bg4 31. Be2 Bc8 32. Bh5
Qg5 33. Qe2 Re7 34. Nb3 Nf4 35. Bxf4 Rxf4 36. Nxc5 Qxc5 37. Rd8 Be6 38.
Rad1 Bc4 39. Qd2 Qf5 40. g3 e3 41. Qd4 0-1

[Event "9th Amplico Life Rapid"]
[Site "Warsaw POL"]
[Date "2009.12.19"]
[Round "3"]
[White "Muzychuk,A"]
[Black "Terzic,S"]
[Result "1-0"]
[WhiteElo "2532"]
[BlackElo "2255"]
[EventDate "2009.12.19"]

1. e4 c5 2. Nf3 d6 3. d4 cxd4 4. Qxd4 Nc6 5. Bb5 e5 6. Qd3 h6 7. c4 Nf6 8.
Nc3 Be7 9. O-O O-O 10. Bxc6 bxc6 11. b3 Qc7 12. Bb2 Be6 13. Rac1 Rad8 14.
Nd5 Qb7 15. Nxe7+ Qxe7 16. c5 d5 17. Nxe5 Qc7 18. Qa6 Rc8 19. exd5 Bxd5 20.
Rfe1 Rfe8 21. Qd3 Re6 22. Nc4 Ne4 23. Ne3 Rd8 24. Rcd1 Qf4 25. f3 Nf6 26.
Bxf6 Qxf6 27. Qd4 Qg6 28. Qh4 Rf6 29. Qg4 Qh7 30. Nxd5 cxd5 31. Re2 h5 32.
Qd4 Qg6 33. Kh1 Qg5 34. Re5 Rf5 35. h4 Qf6 36. Rxf5 Qxf5 37. Rc1 Rc8 38. c6
Rc7 39. b4 Qe6 40. b5 Qe7 41. a4 g6 42. a5 Qa3 43. Re1 Rc8 44. Qxa7 Qb4 45.
Re7 Qxh4+ 46. Kg1 Qf4 47. Qe3 Qb8 48. b6 d4 49. Qe5 1-0

[Event "9th Amplico Life Rapid"]
[Site "Warsaw POL"]
[Date "2009.12.19"]
[Round "3"]
[White "Likavsky,T"]
[Black "Najbar,Mar"]
[Result "0-1"]
[WhiteElo "2476"]
[BlackElo "2222"]
[EventDate "2009.12.19"]

1. d4 c5 2. d5 d6 3. e4 Nf6 4. Nc3 g6 5. f4 Bg7 6. Bb5+ Nfd7 7. a4 Na6 8.
Nf3 Nc7 9. Be2 a6 10. O-O Rb8 11. a5 b5 12. axb6 Nxb6 13. Qe1 f5 14. Nh4
fxe4 15. f5 Nbxd5 16. Nxe4 Bxf5 17. Nxf5 gxf5 18. Rxf5 Rf8 19. Qf1 Kd7 20.
Bg4 e6 21. Bg5 Rxf5 22. Bxf5 Qf8 23. Bxh7 Bxb2 24. Qxf8 Rxf8 25. Rb1 Bd4+
26. Kh1 Rf7 27. Bg6 Rg7 28. Bh5 Nc3 29. Nxc3 Rxg5 30. Ne4 Rxh5 31. Rd1 Ke8
0-1

[Event "9th Amplico Life Rapid"]
[Site "Warsaw POL"]
[Date "2009.12.19"]
[Round "3"]
[White "Hrzica,R"]
[Black "Azarov,S"]
[Result "0-1"]
[WhiteElo "2308"]
[BlackElo "2622"]
[EventDate "2009.12.19"]

1. e4 c5 2. d4 cxd4 3. c3 d3 4. c4 Nc6 5. Bxd3 g6 6. Nf3 Bg7 7. O-O d6 8.
h3 Nf6 9. Nc3 O-O 10. Be3 b6 11. Rc1 Bb7 12. Qe2 Rc8 13. b3 Nd7 14. Rfd1
Qc7 15. Bb1 Qb8 16. Nh2 Nc5 17. Ng4 h5 18. Nh6+ Kh7 19. e5 Nxe5 20. Qxh5 f5
21. Qh4 Bf6 22. Bg5 Bxg5 23. Qxg5 Rf6 24. Nxf5 gxf5 25. Bxf5+ Ng6 26. Rd4
Kg7 27. Rg4 Ne6 28. Bxe6 Rxe6 29. h4 Rc5 30. Qd2 Qf8 31. Nd5 Bxd5 32. cxd5
Rxc1+ 33. Qxc1 Re5 34. Qc3 Qf6 35. Qd3 Qf5 36. Qd4 Kf7 37. Rg3 Re1+ 38. Kh2
Re4 39. Qd1 Rxh4+ 40. Kg1 Qh5 41. Qf3+ Qxf3 42. Rxf3+ Ke8 43. Rc3 Kd7 44.
g3 Rd4 0-1

[Event "9th Amplico Life Rapid"]
[Site "Warsaw POL"]
[Date "2009.12.19"]
[Round "3"]
[White "Dolgova,O"]
[Black "Grabarczyk,M"]
[Result "0-1"]
[WhiteElo "2226"]
[BlackElo "2475"]
[EventDate "2009.12.19"]

1. d4 d5 2. c4 e6 3. Nf3 Nf6 4. g3 Bb4+ 5. Bd2 Be7 6. Bg2 O-O 7. Qc2 c6 8.
O-O b6 9. b3 Nbd7 10. Bc3 Bb7 11. Ne5 Nxe5 12. dxe5 Nd7 13. Rd1 Qc7 14. f4
dxc4 15. bxc4 Rfd8 16. Nd2 Nc5 17. Nf3 b5 18. f5 exf5 19. Qxf5 Ne6 20. Rf1
b4 21. Bb2 a5 22. Ne1 Bf8 23. Nd3 c5 24. Nf4 Nxf4 25. Qxf4 Bxg2 26. Kxg2 a4
27. Rf2 a3 28. Bc1 Rd4 29. Qf3 Re8 30. Bf4 Qd7 31. Rc1 Qe6 32. Qb3 Red8 33.
Be3 R4d7 34. Bg5 Re8 35. Bf4 h6 36. h4 Red8 37. Rcf1 Rd4 38. Be3 Qxc4 39.
Bxd4 Qxb3 40. axb3 Rxd4 41. Rxf7 Rd8 42. e6 Re8 43. e4 c4 44. bxc4 b3 45.
Rb7 b2 46. Rb1 Rxe6 47. Ra7 Rxe4 48. Ra4 Bc5 49. Kf3 Rd4 50. Ke2 h5 51. Ke1
Kh7 52. Ke2 Kg6 53. Rf1 Re4+ 54. Kd2 Rg4 55. Kc2 Rxg3 56. Ra6+ Kh7 57. Rc6
Bd4 58. Kb1 Rc3 59. Ra6 Be3 0-1

[Event "9th Amplico Life Rapid"]
[Site "Warsaw POL"]
[Date "2009.12.19"]
[Round "3"]
[White "Tomczak,J"]
[Black "Peterson,Er"]
[Result "1-0"]
[WhiteElo "2500"]
[BlackElo "2242"]
[EventDate "2009.12.19"]

1. e4 e6 2. d4 d5 3. Nc3 Bb4 4. e5 c5 5. a3 cxd4 6. axb4 dxc3 7. bxc3 Qc7
8. Nf3 Nd7 9. Bb5 Qxc3+ 10. Bd2 Qc7 11. O-O Ne7 12. Ng5 Qxe5 13. Re1 Qf6
14. Ra3 h6 15. Nf3 O-O 16. Bxd7 Bxd7 17. Ne5 Bc6 18. Rf3 Nf5 19. g4 d4 20.
Nxc6 bxc6 21. gxf5 exf5 22. Ra3 c5 23. bxc5 Rfc8 24. Qf3 Qg6+ 25. Kh1 f4
26. Rd3 a5 27. Bxf4 a4 28. Be5 Qe6 29. Rdd1 Re8 30. Bxg7 Qxe1+ 31. Rxe1
Rxe1+ 32. Kg2 Ra6 33. Bf6 Kf8 34. Qf4 a3 35. Qxh6+ Ke8 36. c6 Rxc6 37. Qh8+
Kd7 38. Qd8+ Ke6 39. Qe7+ Kf5 40. Qxe1 Kxf6 41. Qe4 Ra6 42. Qxd4+ Ke7 43.
Qb4+ Kf6 44. Qc3+ Ke7 45. Qc7+ Kf6 46. Qb7 Rc6 1-0

[Event "9th Amplico Life Rapid"]
[Site "Warsaw POL"]
[Date "2009.12.19"]
[Round "3"]
[White "Swiercz,D"]
[Black "Laurusas,T"]
[Result "1-0"]
[WhiteElo "2493"]
[BlackElo "2242"]
[EventDate "2009.12.19"]

1. e4 c5 2. Nf3 e6 3. d4 cxd4 4. Nxd4 a6 5. Bd3 Nf6 6. O-O Qc7 7. Qe2 d6 8.
f4 Nbd7 9. Nd2 Qb6 10. Nc4 Qc7 11. e5 b5 12. Nxd6+ Bxd6 13. exd6 Qxd6 14.
Nf5 Qd5 15. Bd2 g6 16. Ne3 Qh5 17. Qxh5 Nxh5 18. a4 bxa4 19. Bb4 Rb8 20.
Rxa4 Nb6 21. Raa1 Nc4 22. Bc5 Nxe3 23. Bxe3 O-O 24. b3 Nf6 25. Bc5 Re8 26.
Bxa6 Bxa6 27. Rxa6 Rec8 28. Bd6 Rb5 29. Rfa1 Ne4 30. Be5 f6 31. Bd4 e5 32.
fxe5 fxe5 33. Ra8 Rxa8 34. Rxa8+ Kf7 35. Be3 Rd5 36. Ra1 Nc3 37. Kf2 Ke6
38. g4 Rd6 39. Ra7 h5 40. gxh5 gxh5 41. Rh7 Ne4+ 42. Ke2 Nf6 43. Rh8 Kf5
44. c4 Ke4 45. Bg5 Ng4 46. Rxh5 Ra6 47. Bd2 Ra2 48. h3 Nf6 49. Rh6 Kf5 50.
Kd3 Ne4 51. Be3 Rb2 52. Rh5+ Kg6 53. Rxe5 Nf6 54. Rb5 Rh2 55. Rg5+ Kf7 56.
Rg3 Rb2 57. Kc3 Rb1 58. Rf3 Ke6 59. Bd4 Ne4+ 60. Kc2 Rh1 61. Kd3 Nd6 62. c5
Rd1+ 63. Kc2 Rxd4 64. cxd6 Kxd6 65. Rd3 1-0

[Event "9th Amplico Life Rapid"]
[Site "Warsaw POL"]
[Date "2009.12.19"]
[Round "3"]
[White "Warakomski,T"]
[Black "Kleman,M"]
[Result "1-0"]
[WhiteElo "2485"]
[BlackElo "2238"]
[EventDate "2009.12.19"]

1. e4 d5 2. exd5 Qxd5 3. Nc3 Qa5 4. d4 Nf6 5. Bc4 Nc6 6. d5 Nb4 7. a3 Bf5
8. axb4 Qxa1 9. Nge2 g6 10. Nd4 Ne4 11. Nxe4 Bxe4 12. O-O O-O-O 13. Nb3 Qb1
14. Qd4 Qxc2 15. Qxa7 Qxc4 16. Nc5 1-0

[Event "9th Amplico Life Rapid"]
[Site "Warsaw POL"]
[Date "2009.12.19"]
[Round "3"]
[White "Smola,M"]
[Black "Jakubowski,K"]
[Result "0-1"]
[WhiteElo "2240"]
[BlackElo "2502"]
[EventDate "2009.12.19"]

1. e4 c5 2. Nf3 d6 3. d4 cxd4 4. c3 Nf6 5. Bd3 dxc3 6. Nxc3 Nc6 7. O-O e6
8. Qe2 a6 9. Rd1 Qc7 10. Bf4 Nd7 11. Rac1 Qb8 12. e5 dxe5 13. Bg3 Be7 14.
Be4 f6 15. Qc4 Nb6 16. Bxc6+ Kf7 17. Qe4 bxc6 18. Qxc6 Bd7 19. Rxd7 Nxd7
20. Qxd7 Rd8 21. Qc6 Qxb2 22. Nd1 Qxa2 23. Bxe5 Rac8 24. Bc7 Qd5 25. Qc2
Rxc7 26. Qxc7 Qxd1+ 27. Ne1 Qe2 28. h4 Rd2 29. Qb6 Rd1 30. Rxd1 Qxd1 31.
Kf1 Qa1 32. h5 a5 33. Ke2 Qe5+ 34. Kf1 Qxh5 35. Nf3 Qc5 36. Qa6 Qc1+ 37.
Ke2 Qc2+ 0-1

[Event "9th Amplico Life Rapid"]
[Site "Warsaw POL"]
[Date "2009.12.19"]
[Round "3"]
[White "Vysochin,S"]
[Black "Bebel,A"]
[Result "1-0"]
[WhiteElo "2555"]
[BlackElo "2275"]
[EventDate "2009.12.19"]

1. e4 c5 2. c3 Qa5 3. Nf3 Nc6 4. Bc4 e6 5. O-O Be7 6. Re1 Nf6 7. e5 Nd5 8.
Bxd5 exd5 9. d4 cxd4 10. Nxd4 Nxd4 11. Qxd4 b6 12. Qg4 g6 13. Bh6 Qb5 14.
Nd2 Rg8 15. Bg5 d6 16. exd6 Bxg4 17. Rxe7+ Kf8 18. Bh6+ Rg7 19. Rae1 Qc6
20. h3 Bd7 21. Nf3 Qxd6 22. Ng5 Qxe7 23. Bxg7+ Ke8 24. Rxe7+ Kxe7 25. Nxh7
Be6 26. Bd4 Rc8 27. g4 Rc4 28. f3 Rc8 29. Kf2 Rc7 30. Kg3 Rb7 31. h4 f5 32.
Kf4 fxg4 33. fxg4 Bg8 34. Nf6 Bf7 35. Kg5 Ke6 36. h5 gxh5 37. gxh5 Bxh5 38.
Nxh5 b5 39. Kf4 Rf7+ 40. Ke3 a6 41. Nf4+ Kd6 42. Nd3 Rh7 43. Be5+ Ke6 44.
Kd4 Rh1 45. Bc7 Rh4+ 46. Kc5 Kd7 47. Bf4 Rh1 48. Kxd5 Rd1 49. Ke4 Kc6 50.
Nb4+ Kb7 51. Be3 Rb1 52. Nd3 Ra1 53. a3 Rh1 54. Nc5+ Kb6 55. Nd3+ Kb7 56.
Kd4 Rd1 57. Bf4 Kc6 58. Ke3 Rb1 59. Kd2 Rh1 60. Nb4+ Kb7 61. Kd3 Rf1 62.
Be3 Rd1+ 63. Kc2 Rh1 64. b3 Rh2+ 65. Kd3 Rb2 66. Bc1 Rg2 67. c4 bxc4+ 68.
bxc4 Rg1 69. Be3 Rd1+ 70. Kc3 Re1 71. Bd4 Rc1+ 72. Kd3 Rb1 73. Kc2 Rh1 74.
c5 a5 75. c6+ Kc8 76. Nd5 Rh6 77. Ne7+ Kd8 78. Bc5 Rh5 79. Bd6 Rh8 80. Kc3
Ke8 81. Kc4 Rh1 82. Kb5 1-0

[Event "9th Amplico Life Rapid"]
[Site "Warsaw POL"]
[Date "2009.12.19"]
[Round "3"]
[White "Matuszewski,M"]
[Black "Miton,K"]
[Result "1/2-1/2"]
[WhiteElo "2299"]
[BlackElo "2586"]
[EventDate "2009.12.19"]

1. d4 d5 2. c4 c6 3. Nf3 Nf6 4. e3 Bg4 5. Nc3 e6 6. Bd3 Nbd7 7. O-O Bd6 8.
e4 dxc4 9. Bxc4 e5 10. Be3 O-O 11. Be2 Bxf3 12. Bxf3 exd4 13. Qxd4 Qc7 14.
g3 Ne5 15. Bg2 Rfd8 16. Qa4 Neg4 17. Bd4 Be5 18. Bxe5 Nxe5 19. Rfd1 Qb6 20.
Qc2 g6 21. h3 h5 22. Na4 Qb4 23. a3 Qc4 24. Nc3 Qc5 25. Rac1 Kg7 26. Qe2
Rxd1+ 27. Rxd1 h4 28. g4 g5 29. Qd2 Ng6 30. b4 Qe5 31. Ne2 Nxe4 32. Qe3 Re8
33. Nd4 Kh7 34. Bxe4 Qxe4 35. Qxg5 Qf4 36. Qxf4 Nxf4 37. Kh2 Nd5 38. Nf3
Re2 39. Rd2 Rxd2 40. Nxd2 Nc3 41. Kg2 Kg6 42. Kf3 f5 43. Nc4 Ne4 44. Kf4
Nxf2 45. gxf5+ Kf6 46. Na5 Nxh3+ 47. Kg4 Nf2+ 48. Kxh4 Kxf5 49. Nxb7 Ke5
50. Kg3 Ne4+ 51. Kf3 Nd2+ 52. Ke2 Nb1 53. Na5 Kd5 54. Kd3 Nxa3 55. Kc3 Nb5+
56. Kd3 Nc7 57. Kc3 Nb5+ 58. Kb3 Kd6 59. Kc4 Kc7 60. Kc5 Nd6 61. Nxc6 Ne4+
62. Kd5 1/2-1/2

[Event "9th Amplico Life Rapid"]
[Site "Warsaw POL"]
[Date "2009.12.19"]
[Round "3"]
[White "Sharevich,A"]
[Black "Czarnota,P"]
[Result "0-1"]
[WhiteElo "2252"]
[BlackElo "2528"]
[EventDate "2009.12.19"]

1. d4 Nf6 2. c4 g6 3. Nc3 Bg7 4. e4 d6 5. Be2 Na6 6. Bg5 c5 7. d5 Nc7 8.
Nf3 a6 9. a4 h6 10. Bf4 Bg4 11. O-O O-O 12. Ne1 Bxe2 13. Qxe2 Nd7 14. Nd3
b5 15. axb5 axb5 16. cxb5 Rb8 17. e5 Nxb5 18. Nxb5 Rxb5 19. exd6 exd6 20.
Bxd6 Re8 21. Qc2 Nf6 22. Bxc5 Qxd5 23. Rad1 Qf5 24. Qc4 Rbb8 25. b4 Ne4 26.
h3 Red8 27. Nc1 Nd2 28. Rxd2 Rxd2 29. Nb3 Rc2 30. Qa6 Rb2 31. Na5 Kh7 32.
Nc6 Re8 33. Ne7 Qe4 34. Qd6 Re2 35. Nd5 Re1 36. Be3 Qb1 37. Qa6 Rd8 38.
Nf6+ Bxf6 39. Qxf6 Rxf1+ 40. Kh2 Rd7 41. Bxh6 Qa1 42. Qh4 Kg8 43. Bg5 Rh1+
44. Kg3 Rd3+ 0-1

[Event "9th Amplico Life Rapid"]
[Site "Warsaw POL"]
[Date "2009.12.19"]
[Round "3"]
[White "Limontaite,S"]
[Black "Stupak,K"]
[Result "0-1"]
[WhiteElo "2222"]
[BlackElo "2456"]
[EventDate "2009.12.19"]

1. d4 e6 2. c4 Nf6 3. Nf3 c5 4. d5 exd5 5. cxd5 Bd6 6. Nc3 Bc7 7. e4 d6 8.
Bd3 a6 9. a4 O-O 10. h3 Re8 11. O-O Nbd7 12. Bf4 Nf8 13. Re1 Ng6 14. Bh2
Rb8 15. Nd2 Ne5 16. Bf1 Bd7 17. Bxe5 Rxe5 18. Nc4 Re8 19. a5 Bb5 20. f4 Nd7
21. Qg4 Bxc4 22. Bxc4 Bxa5 23. Re3 Bxc3 24. bxc3 Nf6 25. Qf3 b5 26. Bb3 Qb6
27. Kh2 c4 28. Bc2 Nxd5 29. Re2 Ne7 30. f5 Qc5 31. e5 dxe5 32. f6 Ng6 33.
Bxg6 hxg6 34. Rxa6 Qc8 35. Ra7 Qf5 36. fxg7 Qxf3 37. gxf3 Kxg7 38. Rb2 e4
39. fxe4 Rxe4 40. Rf2 Rf8 41. Rb7 Re5 42. Rb2 Rfe8 43. R7xb5 Rxb5 44. Rxb5
Re3 45. Rc5 Rxc3 46. Rc6 g5 0-1

[Event "9th Amplico Life Rapid"]
[Site "Warsaw POL"]
[Date "2009.12.19"]
[Round "3"]
[White "Strzemiecki,Z"]
[Black "Fridman,D2"]
[Result "0-1"]
[WhiteElo "2333"]
[BlackElo "2649"]
[EventDate "2009.12.19"]

1. e4 c6 2. d4 d5 3. Nc3 dxe4 4. Nxe4 Bf5 5. Nc5 b6 6. Nb3 Nf6 7. Nf3 e6 8.
g3 Nbd7 9. Bg2 Bd6 10. O-O Rc8 11. Qe2 O-O 12. Be3 c5 13. dxc5 Nxc5 14.
Nxc5 Bxc5 15. Rad1 Qe7 16. c3 Bg4 17. Bxc5 Rxc5 18. h3 Bh5 19. g4 Bg6 20.
Ne5 Bc2 21. Nc6 Rxc6 22. Qxc2 Rc4 23. Qd3 Qc5 24. Qe3 Qxe3 25. fxe3 h6 26.
Rd4 Rfc8 27. Rfd1 Kf8 28. Rxc4 Rxc4 29. Rd8+ Ke7 30. Ra8 Rc7 31. Kf2 Nd7
32. Ke2 Ne5 33. Be4 Kf6 34. Rb8 Nc4 35. b3 Nd6 36. Kd3 Kg5 37. c4 Kh4 38.
Rg8 f6 39. Rd8 Nf7 40. Re8 Ng5 41. Ba8 Kxh3 42. b4 Kxg4 43. a4 h5 44. c5 h4
45. cxb6 axb6 46. a5 bxa5 47. b5 h3 48. b6 Rd7+ 49. Ke2 h2 50. Rh8 Nh3 51.
Bf3+ Kg3 52. b7 Ng1+ 53. Kf1 Kxf3 0-1

[Event "9th Amplico Life Rapid"]
[Site "Warsaw POL"]
[Date "2009.12.19"]
[Round "3"]
[White "Kravtsiv,M"]
[Black "Kukula,P"]
[Result "1-0"]
[WhiteElo "2543"]
[BlackElo "2261"]
[EventDate "2009.12.19"]

1. e4 c5 2. Nf3 e6 3. d4 cxd4 4. Nxd4 a6 5. Bd3 Bc5 6. Nb3 Be7 7. Nc3 d6 8.
O-O Nf6 9. Be3 b5 10. f4 Bb7 11. e5 Nd5 12. Nxd5 Bxd5 13. Qg4 g6 14. exd6
Bxd6 15. Rad1 Nd7 16. Qh3 Qc7 17. Bd4 O-O 18. f5 exf5 19. Bxf5 Bxb3 20.
Bxd7 Bxc2 21. Rc1 Bc5 22. Bf2 Bxf2+ 23. Rxf2 Rad8 24. Bg4 Qa5 25. Rfxc2
Qxa2 26. Qe3 Rfe8 27. Qf2 Qa4 28. h3 Re7 29. Kh1 Qb4 30. Rc6 Rd6 31. Rc7
Rd8 32. Qf6 1-0

[Event "9th Amplico Life Rapid"]
[Site "Warsaw POL"]
[Date "2009.12.19"]
[Round "3"]
[White "Szczepkowska Horowska,K"]
[Black "Macieja,B"]
[Result "0-1"]
[WhiteElo "2324"]
[BlackElo "2627"]
[EventDate "2009.12.19"]

1. e4 c5 2. Nf3 Nc6 3. d4 cxd4 4. Nxd4 Qc7 5. Nc3 e6 6. Be2 a6 7. O-O Nf6
8. Be3 Bb4 9. Nxc6 bxc6 10. Na4 Bd6 11. h3 Nxe4 12. Nb6 Rb8 13. Nxc8 Rxc8
14. Bxa6 Rb8 15. Qg4 f5 16. Qxg7 Bh2+ 17. Kh1 Be5 18. Qh6 Rxb2 19. Bd3 Nd6
20. a4 Nf7 21. Qh5 c5 22. Qe2 O-O 23. a5 d5 24. f4 Bg7 25. Qd1 Nd6 26. a6
c4 27. a7 Ra8 28. Be2 Ne4 29. Kg1 Nc3 30. Qd2 Ne4 31. Qd1 Rb7 32. Ra6 Nc5
33. Bxc5 Qxc5+ 34. Kh1 Rbxa7 35. Rxe6 Kf7 36. Re5 Bxe5 37. fxe5 Ra1 38.
Bh5+ Ke6 39. Qf3 Rxf1+ 40. Qxf1 Qd4 41. Bf7+ Kxe5 42. Qe1+ Kf6 43. Qe6+ Kg7
44. Qxf5 Rf8 45. Qxd5 Qxd5 46. Bxd5 c3 47. Kh2 Kf6 48. Be4 h6 49. Kg3 Ke5
50. Bd3 Kd4 51. Kg4 Ke3 52. Kh5 Rf2 53. g4 Rh2 54. Kxh6 Kf4 55. Bf5 Rxh3+
56. Kg6 Rh2 57. Kf6 Rh6+ 58. Kg7 Kg5 59. Kf7 Rb6 60. Ke7 Rf6 61. Kd7 Kf4
62. Ke7 Ke5 63. Kd7 Rb6 64. Kc7 Rd6 65. Bh7 Rf6 66. Bf5 Kd5 67. Bd3 Kc5 68.
Kb7 Rf7+ 69. Ka6 Rd7 70. Be4 Rd4 71. Bf5 Kc6 72. Ka5 Kc5 73. Ka6 Rb4 74.
Ka5 Rf4 75. Ka6 Rf1 76. Kb7 Re1 77. Bd3 Re7+ 78. Ka6 Rf7 79. Bf5 Rg7 80.
Bc8 Rg6+ 81. Kb7 Rg7+ 82. Ka6 Re7 83. Bf5 Re8 84. Bd3 Rd8 85. Be4 Rb8 86.
Bd3 Rb6+ 87. Ka5 Rb1 88. Ka6 Kd4 89. Ka5 Ke3 90. g5 Kd4 91. g6 Rb7 92. Ka6
Rb8 93. Ka7 Rb1 94. Bf5 Ke5 95. Bd3 Kf6 96. Ka6 Rb4 97. Ka5 Rd4 98. Bb5
Kxg6 99. Kb6 Kf5 100. Kc5 Ke4 101. Be8 Ke3 102. Bg6 Rg4 103. Bd3 Kd2 104.
Kb5 Rg1 105. Kb4 Rb1+ 106. Kc4 Rb2 0-1

[Event "9th Amplico Life Rapid"]
[Site "Warsaw POL"]
[Date "2009.12.19"]
[Round "3"]
[White "Socko,M"]
[Black "Kurpiewski,S"]
[Result "1-0"]
[WhiteElo "2457"]
[BlackElo "2212"]
[EventDate "2009.12.19"]

1. e4 e5 2. Nf3 Nc6 3. Bc4 Nf6 4. Ng5 d5 5. exd5 Na5 6. Bb5+ Bd7 7. Qe2 Be7
8. Bxd7+ Qxd7 9. c4 c6 10. b4 Bxb4 11. Qxe5+ Qe7 12. Qxe7+ Bxe7 13. dxc6
Nxc6 14. O-O O-O 15. Nc3 h6 16. Nf3 Rfd8 17. Re1 Bc5 18. Na4 Bb4 19. Rb1 b6
20. Kf1 Rd7 21. a3 Bf8 22. Bb2 Na5 23. c5 bxc5 24. Ne5 Rb7 25. Bc3 Nb3 26.
Rb2 Rab8 27. Reb1 Ne4 28. Nc4 Nxc3 29. dxc3 g6 30. g3 Bg7 31. Kg2 Rb5 32.
Nd6 Ra5 33. Nxc5 Rxc5 34. Rxb3 Rxb3 35. Rxb3 Rxc3 36. Rxc3 Bxc3 37. Nb5 Bb2
38. a4 Kf8 39. Nxa7 Ke7 40. a5 Kd7 41. Nb5 Kc6 42. a6 f5 43. a7 Kb7 44. Kf3
Bf6 45. Kf4 h5 46. h3 Bd8 47. Ke5 Bb6 48. f3 Bf2 49. Kf6 Bxg3 50. Kxg6 h4
51. Kxf5 1-0

[Event "9th Amplico Life Rapid"]
[Site "Warsaw POL"]
[Date "2009.12.19"]
[Round "3"]
[White "Paterek,M"]
[Black "Olszewski,Mi"]
[Result "0-1"]
[WhiteElo "2272"]
[BlackElo "2541"]
[EventDate "2009.12.19"]

1. d4 Nf6 2. Nf3 g6 3. Bf4 Bg7 4. c3 O-O 5. Nbd2 d6 6. e4 Nc6 7. Bd3 e5 8.
Bg5 Qe8 9. dxe5 Nxe5 10. Nxe5 Qxe5 11. Nf3 Qa5 12. Qc2 Bg4 13. b4 Qb6 14.
Be3 Qc6 15. Nd4 Qe8 16. O-O Bd7 17. h3 c5 18. Nb3 cxb4 19. cxb4 Rc8 20. Qb1
d5 21. Bxa7 dxe4 22. Re1 Qd8 23. Bc2 b6 24. Bxe4 Nxe4 25. Qxe4 Bxa1 26.
Rxa1 Qc7 27. Rd1 Qxa7 28. Qe7 Qxa2 0-1

[Event "9th Amplico Life Rapid"]
[Site "Warsaw POL"]
[Date "2009.12.19"]
[Round "3"]
[White "Vovk,A"]
[Black "Mustaps,M"]
[Result "1-0"]
[WhiteElo "2512"]
[BlackElo "2248"]
[EventDate "2009.12.19"]

1. e4 c5 2. Nf3 d6 3. d4 cxd4 4. Nxd4 Nf6 5. Nc3 g6 6. f3 Bg7 7. Be3 Nc6 8.
Qd2 O-O 9. O-O-O d5 10. exd5 Nxd5 11. Nxc6 bxc6 12. Bd4 e5 13. Bc5 Be6 14.
Ne4 Qc7 15. Bxf8 Rxf8 16. Bc4 Qb6 17. Bb3 a5 18. c4 Nb4 19. c5 Qa6 20. Bxe6
fxe6 21. Kb1 Qc4 22. b3 Qa6 23. h4 Nd5 24. h5 a4 25. hxg6 axb3 26. Rxh7 Rb8
27. Ka1 bxa2 28. Rhh1 Rb3 29. Qc2 Rb8 30. Rd2 Qb7 31. Qc1 Qb5 32. Rb2 Nb4
33. Qd2 Qa4 34. g3 Qa3 35. Rc1 Bh6 36. Qxh6 Nc2+ 1-0